000 00482cam a2200193 4500
001 D8948
008 090401t1977 xxu||||| |||| 00| 0 eng d
035 _a(Sirsi) u16341
041 _aeng
050 _a692.5
110 _aDavisBelfield and Everest
_93167
245 _aSpon`s mechanical and electrical services price book 1978
250 _a9th
260 _aLondon
_bE & F N Spon
_c1977
300 _axii. 372p. 24cm
350 _a9.25
942 _n0
948 _c04/03/1997
999 _c87417
_d87417